[Event "COL-ch Students"]
[Site "Santa Fe"]
[Date "2023.09.24"]
[Round "4"]
[White "Rodriguez Pautt, Amir Fernando"]
[Black "Salcedo Perez, Pablo Esteban"]
[Result "1-0"]
[WhiteElo "1860"]
[BlackElo "2097"]
[PlyCount "123"]
[EventDate "2023.09.23"]
[EventType "swiss"]
[EventRounds "6"]
[EventCountry "COL"]
[SourceTitle "EXT 2024"]
[Source "ChessBase"]
[SourceDate "2023.10.10"]
[SourceVersion "1"]
[SourceVersionDate "2023.10.10"]
[SourceQuality "1"]

1. e4 c5 2. Nc3 d6 3. f4 Nc6 4. Bb5 Bd7 5. Nf3 g6 6. 0-0 Bg7 7. d3 e6 8. e5 d5 9. Bxc6 Bxc6 10. d4 c4 11. Ne2 Ne7 12. Ng3 b5 13. c3 a5 14. Qe1 Qb6 15. Bd2 Bd7 16. a3 Nc6 17. Kh1 0-0 18. h4 b4 19. h5 bxa3 20. bxa3 Rfb8 21. Ng5 Qb2 22. Rf2 Rb3 23. Qg1 Rxa3 24. Rb1 Qc2 25. Rb7 Qd3 26. Rxd7 Qxg3 27. Rf3 Qg4 28. hxg6 fxg6 29. Rh3 h5 30. f5 Qxf5 31. Rf3 Qg4 32. Rf4 Qxg5 33. Rf8+ Rxf8 34. Bxg5 Rf5 35. Qe3 Nxd4 36. Rxg7+ Kxg7 37. Bf6+ Rxf6 38. exf6+ Kxf6 39. Qxd4+ Kf7 40. Qf2+ Kg7 41. Qc5 Ra1+ 42. Kh2 Kf7 43. Qf2+ Ke7 44. Qb2 Rf1 45. Qa3+ Kf7 46. Qxa5 Rf5 47. Qc7+ Kf6 48. Qd8+ Kf7 49. Qh8 e5 50. Qd8 e4 51. Kg3 Kg7 52. Qe7+ Kh6 53. Qd8 Kg7 54. Kh4 Rf4+ 55. Kh3 Rf5 56. g3 Kf7 57. Qh8 Rf3 58. Kh4 Rf5 59. Qh7+ Kf6 60. Qg8 Rf3 61. Qxd5 Rf5 62. Qg8 1-0

[Event "COL-ch Students"]
[Site "Santa Fe"]
[Date "2023.09.23"]
[Round "2"]
[White "Rodriguez Pautt, Amir Fernando"]
[Black "Toro Castaneda, Miguel Angel"]
[Result "0-1"]
[WhiteElo "1860"]
[BlackElo "2060"]
[PlyCount "51"]
[EventDate "2023.09.23"]
[EventType "swiss"]
[EventRounds "6"]
[EventCountry "COL"]
[SourceTitle "EXT 2024"]
[Source "ChessBase"]
[SourceDate "2023.10.10"]
[SourceVersion "1"]
[SourceVersionDate "2023.10.10"]
[SourceQuality "1"]

1. e4 c5 2. Nf3 d6 3. d4 cxd4 4. Nxd4 Nf6 5. Nc3 g6 6. Be3 Bg7 7. f3 0-0 8. Bc4 Nc6 9. Qd2 Bd7 10. 0-0-0 Rc8 11. Bb3 Ne5 12. g4 Nc4 13. Bxc4 Rxc4 14. h4 Qa5 15. Nb3 Qa6 16. Kb1 Rfc8 17. h5 Bxg4 18. e5 Bxf3 19. exf6 Bxf6 20. Nd5 Bxh1 21. Nxf6+ exf6 22. Rxh1 Rxc2 23. Qd4 Qc6 24. Rd1 Rc4 25. Qxf6 Qe4+ 26. Ka1 0-1

[Event "COL-chT"]
[Site "Santa Marta"]
[Date "2022.11.05"]
[Round "7.1"]
[White "Cabas Martinez, Dilan Alexander"]
[Black "Rodriguez Pautt, Amir Fernando"]
[Result "0-1"]
[WhiteElo "1563"]
[BlackElo "1941"]
[PlyCount "56"]
[EventDate "2022.11.02"]
[EventType "team-swiss"]
[EventRounds "7"]
[EventCountry "COL"]
[SourceTitle "CBM 211 Extra"]
[Source "ChessBase"]
[SourceDate "2023.01.31"]
[SourceVersion "1"]
[SourceVersionDate "2023.01.31"]
[SourceQuality "1"]
[WhiteTeam "Magdalena VI"]
[BlackTeam "Magdalena II"]
[WhiteTeamCountry "COL"]
[BlackTeamCountry "COL"]

1. e4 c5 2. Nf3 e6 3. d4 cxd4 4. Nxd4 a6 5. Bd3 Qc7 6. Be3 Nf6 7. f4 d6 8. Nd2 Be7 9. c3 b5 10. 0-0 Bb7 11. Rc1 Nbd7 12. Qf3 0-0 13. g4 Nc5 14. g5 Nxd3 15. gxf6 Bxf6 16. Rb1 Nc5 17. f5 e5 18. Ne2 d5 19. Ng3 Nxe4 20. Ndxe4 dxe4 21. Qg4 Kh8 22. h4 Rad8 23. Nh5 Rg8 24. Bg5 Bxg5 25. hxg5 Rd2 26. Rf2 Qc5 27. Rbf1 e3 28. Rxd2 e2+ 0-1

[Event "COL-chT Rapid"]
[Site "Santa Marta"]
[Date "2022.11.02"]
[Round "1.1"]
[White "Cardoso Cardoso, Jose Gabriel"]
[Black "Rodriguez Pautt, Amir Fernando"]
[Result "1-0"]
[WhiteElo "2384"]
[BlackElo "1896"]
[PlyCount "29"]
[EventDate "2022.11.02"]
[EventType "team-swiss"]
[EventRounds "7"]
[EventCountry "COL"]
[SourceTitle "CBM 211 Extra"]
[Source "ChessBase"]
[SourceDate "2023.01.31"]
[SourceVersion "1"]
[SourceVersionDate "2023.01.31"]
[SourceQuality "1"]
[WhiteTeam "Valle"]
[BlackTeam "Magdalena II"]
[WhiteTeamCountry "COL"]
[BlackTeamCountry "COL"]

1. d4 f5 2. Nc3 Nf6 3. Bg5 d5 4. Bxf6 exf6 5. e3 c6 6. h4 Be6 7. Bd3 g6 8. h5 g5 9. Qf3 Qd7 10. Nge2 Bd6 11. Ng3 g4 12. Qe2 Na6 13. a3 h6 14. Qd2 c5 15. Bb5 1-0

[Event "COL-ch sf"]
[Site "Medellin"]
[Date "2020.11.16"]
[Round "8"]
[White "Ospina Castro, Santiago"]
[Black "Rodriguez Pautt, Amir Fernando"]
[Result "0-1"]
[WhiteElo "1927"]
[BlackElo "1947"]
[PlyCount "108"]
[EventDate "2020.11.12"]
[EventType "swiss"]
[EventRounds "8"]
[EventCountry "COL"]
[SourceTitle "CBM 199 Extra"]
[Source "ChessBase"]
[SourceDate "2021.01.31"]
[SourceVersion "1"]
[SourceVersionDate "2021.01.31"]
[SourceQuality "1"]

1. e4 c5 2. Nc3 e6 3. Nf3 a6 4. g3 d6 5. Bg2 Nc6 6. 0-0 Nf6 7. d3 Be7 8. Ng5 Qc7 9. f4 h6 10. Nh3 Rb8 11. Be3 b5 12. Nf2 Bb7 13. Ne2 0-0 14. g4 Nh7 15. Ng3 Bh4 16. c3 Ne7 17. g5 hxg5 18. fxg5 Bxg5 19. Bxg5 Nxg5 20. h4 Nh7 21. Ng4 d5 22. Qe1 dxe4 23. dxe4 Rbd8 24. Qe3 c4 25. Rad1 Rxd1 26. Rxd1 Rd8 27. Rxd8+ Qxd8 28. Bf3 Ng6 29. h5 Nh4 30. Be2 Qg5 31. Qb6 Nf6 32. Qd8+ Kh7 33. Nxf6+ gxf6 34. Kh2 Bxe4 35. Qf8 Bd5 36. Qxf7+ Qg7 37. Qxg7+ Kxg7 38. Kh3 Nf3 39. Kg4 Ne5+ 40. Kf4 Nd3+ 41. Bxd3 cxd3 42. Ke3 Bxa2 43. Kxd3 Kh6 44. Kd4 f5 45. Ke5 Kg5 46. b4 Bd5 47. Ne2 Kxh5 48. Kf4 Kg6 49. Ke5 Kg5 50. Nf4 Bc4 51. Nh3+ Kg4 52. Nf4 Kf3 53. Ng6 Ke3 54. Nf4 Bb3 0-1

[Event "COL-ch sf"]
[Site "Medellin"]
[Date "2020.11.15"]
[Round "7"]
[White "Rodriguez Pautt, Amir Fernando"]
[Black "Quiros, Juan Pablo"]
[Result "1-0"]
[WhiteElo "1947"]
[BlackElo "2091"]
[PlyCount "55"]
[EventDate "2020.11.12"]
[EventType "swiss"]
[EventRounds "8"]
[EventCountry "COL"]
[SourceTitle "CBM 199 Extra"]
[Source "ChessBase"]
[SourceDate "2021.01.31"]
[SourceVersion "1"]
[SourceVersionDate "2021.01.31"]
[SourceQuality "1"]

1. e4 c6 2. Nf3 d5 3. Nc3 dxe4 4. Nxe4 Nf6 5. Qe2 Nxe4 6. Qxe4 Nd7 7. Bc4 Nf6 8. Ne5 e6 9. Qe2 Qd4 10. d3 Bd6 11. Nf3 Qb6 12. 0-0 0-0 13. c3 Qc7 14. d4 b5 15. Bb3 Bb7 16. Bc2 Rac8 17. Bg5 Bf4 18. Qd3 Bxg5 19. Nxg5 g6 20. Rae1 c5 21. dxc5 Qxc5 22. Qg3 Qc4 23. Bb3 Nh5 24. Qh3 Qf4 25. Qe3 Qxe3 26. fxe3 h6 27. Nxf7 Rxf7 28. Bxe6 1-0

[Event "COL-ch sf"]
[Site "Medellin"]
[Date "2020.11.13"]
[Round "2"]
[White "Rodriguez Pautt, Amir Fernando"]
[Black "Ortiz Monsalve, Sebastian"]
[Result "1-0"]
[WhiteElo "1947"]
[BlackElo "1386"]
[PlyCount "43"]
[EventDate "2020.11.12"]
[EventType "swiss"]
[EventRounds "8"]
[EventCountry "COL"]
[SourceTitle "CBM 199 Extra"]
[Source "ChessBase"]
[SourceDate "2021.01.31"]
[SourceVersion "1"]
[SourceVersionDate "2021.01.31"]
[SourceQuality "1"]

1. e4 e6 2. Qe2 Be7 3. d4 d5 4. e5 c5 5. Qg4 Kf8 6. c3 Nc6 7. Nf3 f6 8. h4 Qb6 9. h5 Bd7 10. Rh3 f5 11. Qf4 Nh6 12. Be2 Nf7 13. Na3 a6 14. Nc2 Rg8 15. b3 g6 16. hxg6 hxg6 17. Rh7 g5 18. Qh2 g4 19. Qh5 Ncd8 20. Nh4 Bxh4 21. Qxh4 cxd4 22. Ba3+ 1-0

[Event "COL-ch sf"]
[Site "Medellin"]
[Date "2020.11.13"]
[Round "3"]
[White "Suaza Builes, Oscar A"]
[Black "Rodriguez Pautt, Amir Fernando"]
[Result "0-1"]
[WhiteElo "1426"]
[BlackElo "1947"]
[PlyCount "57"]
[EventDate "2020.11.12"]
[EventType "swiss"]
[EventRounds "8"]
[EventCountry "COL"]
[SourceTitle "CBM 199 Extra"]
[Source "ChessBase"]
[SourceDate "2021.01.31"]
[SourceVersion "1"]
[SourceVersionDate "2021.01.31"]
[SourceQuality "1"]

1. d4 Nf6 2. Bf4 g6 3. Qd2 h5 4. Nc3 Bg7 5. e4 d6 6. Nf3 c6 7. 0-0-0 b5 8. e5 dxe5 9. Bxe5 Nbd7 10. Bf4 Nb6 11. Ne5 Bb7 12. h3 Nbd5 13. Bh2 Bh6 14. f4 Qa5 15. Bd3 Nxc3 16. Qxc3 Qxa2 17. Qb3 Qxb3 18. cxb3 0-0 19. Kb1 Rfd8 20. Bc2 c5 21. Rhg1 Rxd4 22. Rxd4 cxd4 23. g4 hxg4 24. hxg4 Bg7 25. Bg3 Nd5 26. Bh4 Bf6 27. Be1 Rd8 28. Bd3 a6 29. Nf3 0-1

[Event "COL-chT"]
[Site "Ibague"]
[Date "2018.10.11"]
[Round "1.3"]
[White "Montenegro, Juan Rolando"]
[Black "Rodriguez Pautt, Amir Fernando"]
[Result "1-0"]
[WhiteElo "2129"]
[BlackElo "1669"]
[PlyCount "25"]
[EventDate "2018.10.11"]
[EventType "team-swiss"]
[EventRounds "6"]
[EventCountry "COL"]
[SourceTitle "CBM 186 Extra"]
[Source "ChessBase"]
[SourceDate "2018.08.24"]
[SourceVersion "1"]
[SourceVersionDate "2018.08.24"]
[SourceQuality "1"]
[WhiteTeam "Cundinamarca"]
[BlackTeam "Magdalena"]
[WhiteTeamCountry "COL"]
[BlackTeamCountry "COL"]

1. e4 c5 2. Nf3 Nc6 3. d3 d6 4. g3 Nf6 5. Bg2 g6 6. 0-0 Bg7 7. c3 0-0 8. Re1 e5 9. a3 Bg4 10. b4 a6 11. h3 Bd7 12. Nbd2 Qc8 13. Nc4 1-0